Missing Word: Hugh Jackman Movies Quiz Stats

Quiz Updated Jan 16, 2014

Challenge
Share
Tweet
Embed
Score 0/16 Timer 01:30
1 Play Today
Movie Missing Word % Correct
Les _____Miserables
91.9%
Standing _____ OnlyRoom
75.5%
X-Men: The Last _____Stand
73.6%
Van _____Helsing
72.4%
Kate & _____Leopold
65.7%
X-Men Origins: _____Wolverine
65.6%
Happy _____Feet
62.1%
X-Men: First _____Class
62%
Movie Missing Word % Correct
_____ Like You...Someone
47.7%
Real _____Steel
31%
Rise of the _____Guardians
24.7%
_____ AwayFlushed
15.3%
Snow _____ and the Secret FanFlower
5.7%
_____ HeroPaperback
3.8%
_____ JohnnyUncle
3%
_____ KingsErskineville
2.1%

Today's Daily Dose

Word Ladder
'90s Movies

Quick Pick
'Fire' Movies

On This Day
June 19th II

You're not logged in!

Compare scores with friends on all Sporcle quizzes.
Join for Free
OR
Log In

You Might Also Like...

Show Comments

Extras

Top Quizzes Today


Score Distribution

Your Account Isn't Verified!

In order to create a playlist on Sporcle, you need to verify the email address you used during registration. Go to your Sporcle Settings to finish the process.

Report this User

Report this user for behavior that violates our Community Guidelines.

Details: